000 00505nam a22001697a 4500
999 _c259461
_d259460
003 OSt
005 20220928143001.0
008 220928b xxu||||| |||| 00| 0 eng d
020 _a9780891060741
040 _aDLC
_bEng
_cDLC
_erda
050 _aBF698.3
_b.M94 1995
100 _aMyers, Isabel Briggs.
245 _aGifts differing:
_bunderstanding personality type
_cIsabel Briggs Myers, with Peter B. Myers.
260 _aMountain View, California
_bCPP
_c1995
300 _axxiii;228p
942 _2lcc
_cBK